000 00293nam a2200121Ia 4500
005 20251222154404.0
008 251222s9999||||xx |||||||||||||| ||spa||
020 _a84-278-1002-4
082 _a858.87/S17R
100 _a"Salgari, Emilio"
245 0 _aLa reconquista de Mompracem
942 _cLIB
999 _c35409
_d35409